Scénář 3S : forma kolegiální podpory /

Hlavní autor: Košťálová, Hana
Jazyk: Čeština
Vydáno: Nový Jičín : Krajské zařízení pro další vzdělávání pedagogických pracovníků a informační centrum Nový Jičín, příspěvková organizace, 2015
Vydání: 1. vydání
Témata:
Externí odkaz: Digitalizovaný dokument
Fyzický popis: 1 CD-ROM (28 stran) ; 12 cm
Knihy
Uloženo v:
LEADER 01892nam a2200529 i 4500
001 001506613
003 CZ BrMZK
005 20171017102149.0
006 m d
007 co cg
008 160121s2015 xr e 000 0 cze
020 |a 978-80-87744-12-3  |q (CDR) 
040 |a BOA001  |b cze  |e rda 
043 |a e-xr--- 
045 |a y1y2 
072 7 |a 371  |x Školství (organizace)  |2 Konspekt  |9 22 
080 |a 005.591  |2 MRF 
080 |a 159.953.5  |2 MRF 
080 |a 371.321  |2 MRF 
080 |a 37.064  |2 MRF 
080 |a (437.3)  |2 MRF 
080 |a (035)  |2 MRF 
080 |a (0.034.44)  |2 MRF 
100 1 |a Košťálová, Hana  |7 ola2006323624  |4 aut 
245 1 0 |a Scénář 3S :  |b forma kolegiální podpory /  |c Hana Košťálová a lektorský tým projektu Spirála 
250 |a 1. vydání 
264 1 |a Nový Jičín :  |b Krajské zařízení pro další vzdělávání pedagogických pracovníků a informační centrum Nový Jičín, příspěvková organizace,  |c 2015 
300 |a 1 CD-ROM (28 stran) ;  |c 12 cm 
336 |a text  |b txt  |2 rdacontent 
337 |a počítač  |b c  |2 rdamedia 
338 |a počítačový disk  |b cd  |2 rdacarrier 
347 |a textový soubor  |b PDF  |2 rda 
500 |a Název z disku 
504 |a Obsahuje bibliografické odkazy 
610 2 7 |a Spirála (projekt)  |7 mzk2016910429 
648 7 |a 2011-2020  |7 ch460589 
650 0 7 |a programy a projekty  |7 ph255086  |z Česko  |y 2011-2020  |2 czenas 
650 0 7 |a učení  |7 ph126979  |2 czenas 
650 0 7 |a pedagogické dovednosti  |7 ph157201  |2 czenas 
650 0 7 |a klima školy  |7 ph249611  |2 czenas 
653 0 |a kolegiální podpora 
655 7 |a příručky  |7 fd133209  |2 czenas 
655 7 |a CD-ROM  |7 fd133955  |2 czenas 
856 4 1 |u http://www.digitalniknihovna.cz/mzk/view/uuid:acabfef4-1338-4ae9-949f-2a58ec0f961f  |y Digitalizovaný dokument 
910 |a BOA001  |b CDR-1361.294 
990 |a BK 
991 |b 201604  |c NOV